5-kirjaimiset valtiot - Statistics

Yleistilastot
  • Tätä visaa on pelattu 3 081 kertaa
  • Keskiarvotulos 16 / 25
Vastaustilastot
Maa % Oikein
Suomi
95%
Norja
93%
Saksa
82%
Kiina
77%
Puola
75%
Intia
69%
Jemen
68%
Malta
68%
Chile
65%
Haiti
64%
Nauru
62%
Benin
61%
Niger
61%
Nepal
60%
Ghana
59%
Kenia
58%
Libya
58%
Sudan
57%
Tonga
57%
Fidži
56%
Kuuba
56%
Palau
56%
Samoa
56%
Qatar
55%
Gabon
54%
Ehtoja vastaavia visoja ei löytynyt
Tulosjakauma
Jokaisen tuloksen saaneiden osuus
Persentiili vastausten määrän mukaan
Tuloshistoriasi
Et ole pelannut tätä visaa